<?xml version="1.0" encoding="UTF-8"?>
<record
    xmlns:xsi="http://www.w3.org/2001/XMLSchema-instance"
    xsi:schemaLocation="http://www.loc.gov/MARC21/slim http://www.loc.gov/standards/marcxml/schema/MARC21slim.xsd"
    xmlns="http://www.loc.gov/MARC21/slim">

  <leader>01407nam0a2200337   4500</leader>
  <controlfield tag="001">RU\NLR\ONL1\21019</controlfield>
  <controlfield tag="005">20250613223126.0</controlfield>
  <datafield tag="035" ind1=" " ind2=" ">
    <subfield code="a">(NLR Aleph) 010206742</subfield>
  </datafield>
  <datafield tag="090" ind1=" " ind2=" ">
    <subfield code="a">10255675</subfield>
    <subfield code="c">10255675</subfield>
  </datafield>
  <datafield tag="100" ind1=" " ind2=" ">
    <subfield code="a">20121024d1932    |||y0rusy50      ca</subfield>
  </datafield>
  <datafield tag="101" ind1="0" ind2=" ">
    <subfield code="a">kom</subfield>
  </datafield>
  <datafield tag="102" ind1=" " ind2=" ">
    <subfield code="a">RU</subfield>
  </datafield>
  <datafield tag="105" ind1=" " ind2=" ">
    <subfield code="a">a |||||||||</subfield>
  </datafield>
  <datafield tag="135" ind1=" " ind2=" ">
    <subfield code="a">crgn 008apaba</subfield>
  </datafield>
  <datafield tag="200" ind1="1" ind2=" ">
    <subfield code="a">&#x425;&#x438;&#x43C;&#x438;&#x44F;</subfield>
    <subfield code="e">&#x428;&#x41A;&#x41C;-&#x44B;&#x43D; &#x43C;&#x435;&#x434;&#x432;&#x43E;&#x434;&#x434;&#x437;&#x430; &#x432;&#x43E; &#x432;&#x435;&#x43B;&#xF6;&#x434;&#x447;&#x44B;&#x441;&#x44A;&#x44F;&#x441;&#x43B;&#x44B; &#x434;&#x430; &#x424;&#x417;&#x421;-&#x44B;&#x43D; 5-&#x434; &#x432;&#x43E; &#x432;&#x435;&#x43B;&#xF6;&#x434;&#x447;&#x44B;&#x441;&#x44A;&#x44F;&#x441;&#x43B;&#x44B; &#x43E;&#x442;&#x441;&#xF6;&#x433;</subfield>
    <subfield code="f">&#x414;. &#x410;. &#x428;&#x430;&#x445;&#x43E;&#x432;</subfield>
  </datafield>
  <datafield tag="210" ind1=" " ind2=" ">
    <subfield code="a">&#x421;&#x44B;&#x43A;&#x442;&#x44B;&#x432;&#x43A;&#x430;&#x440;</subfield>
    <subfield code="c">&#x41A;&#x43E;&#x43C;&#x438;&#x433;&#x438;&#x437;</subfield>
    <subfield code="d">1932</subfield>
  </datafield>
  <datafield tag="215" ind1=" " ind2=" ">
    <subfield code="a">112 &#x441;.</subfield>
    <subfield code="c">&#x438;&#x43B;.</subfield>
    <subfield code="d">23</subfield>
  </datafield>
  <datafield tag="325" ind1=" " ind2=" ">
    <subfield code="a">&#x41A;&#x43E;&#x43F;&#x438;&#x44F; &#x434;&#x43E;&#x441;&#x442;&#x443;&#x43F;&#x43D;&#x430; &#x432; &#x44D;&#x43B;&#x435;&#x43A;&#x442;&#x440;&#x43E;&#x43D;&#x43D;&#x43E;&#x439; &#x431;&#x438;&#x431;&#x43B;&#x438;&#x43E;&#x442;&#x435;&#x43A;&#x435; &#x420;&#x41D;&#x411;</subfield>
  </datafield>
  <datafield tag="541" ind1="1" ind2=" ">
    <subfield code="a">&#x423;&#x447;&#x435;&#x431;&#x43D;&#x430;&#x44F; &#x43A;&#x43D;&#x438;&#x433;&#x430; &#x43F;&#x43E; &#x445;&#x438;&#x43C;&#x438;&#x438; &#x434;&#x43B;&#x44F; 1-&#x43E;&#x439; &#x433;&#x440;&#x443;&#x43F;&#x43F;&#x44B; &#x428;&#x41A;&#x41C; &#x438; &#x434;&#x43B;&#x44F; 5 &#x433;&#x440;&#x443;&#x43F;&#x43F;&#x44B; &#x424;&#x417;&#x421;</subfield>
    <subfield code="z">rus</subfield>
  </datafield>
  <datafield tag="606" ind1="0" ind2=" ">
    <subfield code="a">&#x425;&#x438;&#x43C;&#x438;&#x44F;</subfield>
    <subfield code="9">898913</subfield>
    <subfield code="3">RU\NLR\auth\666296</subfield>
  </datafield>
  <datafield tag="686" ind1="1" ind2=" ">
    <subfield code="a">&#x413;1 &#x44F;7</subfield>
  </datafield>
  <datafield tag="700" ind1=" " ind2="1">
    <subfield code="a">&#x428;&#x430;&#x445;&#x43E;&#x432;</subfield>
    <subfield code="b">&#x414;. &#x410;.</subfield>
    <subfield code="4">070</subfield>
  </datafield>
  <datafield tag="801" ind1=" " ind2="0">
    <subfield code="a">RU</subfield>
    <subfield code="b">NLR</subfield>
    <subfield code="c">20121024</subfield>
    <subfield code="g">PSBO</subfield>
  </datafield>
  <datafield tag="852" ind1=" " ind2=" ">
    <subfield code="a">NLR</subfield>
    <subfield code="b">&#x41E;&#x41D;&#x41B;</subfield>
    <subfield code="j">&#x41A;&#x43E;&#x43C;&#x438;-&#x437;./3-1901</subfield>
  </datafield>
  <datafield tag="901" ind1=" " ind2=" ">
    <subfield code="e">&#x41A;&#x43D;&#x438;&#x436;&#x43D;&#x44B;&#x435; &#x438;&#x437;&#x434;&#x430;&#x43D;&#x438;&#x44F;: &#x41E;&#x41D;&#x41B;</subfield>
  </datafield>
  <datafield tag="942" ind1=" " ind2=" ">
    <subfield code="c">BOOK</subfield>
  </datafield>
  <datafield tag="980" ind1=" " ind2=" ">
    <subfield code="a">NB</subfield>
  </datafield>
  <datafield tag="981" ind1="2" ind2="3">
    <subfield code="a">(23) &#x41D;&#x430;&#x446;&#x438;&#x43E;&#x43D;&#x430;&#x43B;&#x44C;&#x43D;&#x44B;&#x435; &#x43B;&#x438;&#x442;&#x435;&#x440;&#x430;&#x442;&#x443;&#x440;&#x44B;</subfield>
    <subfield code="b">(23) &#x41A;&#x43D;&#x438;&#x433;&#x438; &#x43D;&#x430; &#x43D;&#x430;&#x446;&#x438;&#x43E;&#x43D;&#x430;&#x43B;&#x44C;&#x43D;&#x44B;&#x445; &#x44F;&#x437;&#x44B;&#x43A;&#x430;&#x445;</subfield>
  </datafield>
  <datafield tag="995" ind1=" " ind2=" ">
    <subfield code="5">2014-05-21</subfield>
    <subfield code="b">NLR01</subfield>
    <subfield code="c">NLR01</subfield>
    <subfield code="e">ONL</subfield>
    <subfield code="f">1-381355</subfield>
    <subfield code="k">&#x41E;&#x41D;&#x41B; &#x41A;&#x43E;&#x43C;&#x438;-&#x437;./3-1901</subfield>
    <subfield code="o">0</subfield>
    <subfield code="r">BOOK</subfield>
    <subfield code="s">_31901</subfield>
  </datafield>
</record>
